1180 1345 1745 1678 1535 1573 1356 1889 1197 1500 1743 1841 1569 1040 1965 1797 1211 1272 1505 1328 1129 1801 1935 1219 1016 1579 1861 1336 1496 1532 1848 1605 1470 1015 1827 1014 1245 1441 1505 1312 1379 1282 1311 1671 1995 1266 1530 1903 1748 1976 1261 1530 1806 1686 1631 1833 1890 1251 1733 1006 1123 1570 1144 1654 1390 1467 1619 1157 1969 1736 1842 1610 1682 1932 1783 1141 1211 1560 1183 1248 1844 1223 1713 1888 1224 1281 1190 1798 1753 1287 1668 1441 1140 1236 1216 1896 1200 1523 1500 BCNSPRNW ULIB Ver.6.0+V

เปลี่ยนเป็นภาษาไทย

Change to English
 แสดงรายละเอียดบรรณานุกรม
  กลับหน้าหลัก

Brief Record : Get Marc (ISO 2709) : E-mail record : QR code < ปิดหน้าต่าง
LEADER : 00000nam 2200000uu 4500
001    13399122602
003     ULIB
008    130814s2555||||th 000 0 tha d
020    ^a9786162790621
060    ^aW50^bจ166
245 00 ^aจริยธรรมทางการแพทย์ /^cบรรณาธิการ, ชัยรัตน์ ฉายากุล ... [และคนอื่นๆ]
246 14 ^aMedical ethics.
250    ^aพิมพ์ครั้งที่ 1.
260    ^aกรุงเทพฯ :^bงานการศึกษาระดับหลังปริญญา คณะแพทยศาสตร์ศิริราชพยาบาล มหาวิทยาลัยมหิดล,^c2555.
300    ^a327 หน้า :^bภาพประกอบ ;^c26 ซม.
650  4 ^aจรรยาแพทย์
653    ^aผลงานอาจารย์คณะแพทยศาสตร์ศิริราชพยาบาล
700 0  ^aชัยรัตน์ ฉายากุล,^eบรรณาธิการ
710 2  ^aมหาวิทยาลัยมหิดล. ^bคณะแพทยศาสตร์ศิริราชพยาบาล. ^bงานการศึกษาระดับหลังปริญญา
945    ^p200^l0^i20041
945    ^p200^l0^i20042
945    ^p200^l0^i20043
999    ^aทศพร เกษรทอง
รายการนี้ยังไม่มีแท็ก
คุณยังไม่ได้ล็อกอิน คุณสามารถมีกิจกรรมร่วมกับเว็บไซต์ได้ แต่ต้องล็อกอินก่อน ::
  ล็อกอิน

รายการสื่อสารสนเทศ

ลำดับที่ ประเภท เลขเรียก/บาร์โค้ด สถานที่ สถานะ
1. วิทยาศาสตร์การแพทย์ และสุขภาพ
วิทยาศาสตร์การแพทย์ และสุขภาพ
สถานะ=หนังสือเก่า
W50 จ166 ฉ.1 
  Barcode: 20041
ห้องสมุดวิทยาเขตนครสวรรค์
►ส่วนจัดเก็บหนังสือเก่า นว.
บนชั้น
  ขอยืม
2. วิทยาศาสตร์การแพทย์ และสุขภาพ
วิทยาศาสตร์การแพทย์ และสุขภาพ
สถานะ=หนังสือเก่า
W50 จ166 ฉ.2 
  Barcode: 20042
ห้องสมุดวิทยาเขตนครสวรรค์
►ส่วนจัดเก็บหนังสือเก่า นว.
บนชั้น
  ขอยืม
3. วิทยาศาสตร์การแพทย์ และสุขภาพ
วิทยาศาสตร์การแพทย์ และสุขภาพ
สถานะ=หนังสือเก่า
W50 จ166 ฉ.3 
  Barcode: 20043
ห้องสมุดวิทยาเขตนครสวรรค์
►ส่วนจัดเก็บหนังสือเก่า นว.
บนชั้น
  ขอยืม

รายการใกล้เคียง
    หัวเรื่อง [จรรยาแพทย์]

BibComment


ยังไม่เคยถูกคอมเมนท์

คอมเมนท์ทรัพยากรรายการนี้
  คอมเมนท์: จริยธรรมทางการแพ..


 Copyright 2026. Bcnsprnw @Library